Normal view MARC view
  • Alejandre Ramos, Gonzalo

Entry Nombre Personal

Number of records used in: 1

001 - NUMERO DE CONTROL

  • campo de control: 52837

003 - IDENTIFICADOR DE NUMERO DE CONTROL

  • campo de control: DLC

005 - FECHA Y HORA DE LA ÜLTIMA TRANSACCIÓN

  • campo de control: 20240805134201.0

008 - DATOS DE LONGITUD FIJA

  • campo de control de longitud fija: 100618nn annnnaabn |a aaa

010 ## - NÚMERO DE CONTROL DE LA BIBLIOTECA DEL CONGRESO

  • Número de control LC: n 2010039674

040 ## - FUENTE DE CATALOGACIÓN

  • Agencia original de catalogación: DLC
  • Lenguaje de catalogación: spa
  • Description conventions: rda
  • Agencia de transcripción: DLC
  • Agencia que lo modifica: DLC
  • Agencia que lo modifica: MX-MxUPN

100 1# - ENCABEZAMIENTO - NOMBRE PERSONAL

  • Nombre personal: Alejandre Ramos, Gonzalo

370 ## - LUGAR ASOCIADO

  • Associated country: Mexico
  • Fuente del término: naf

372 ## - CAMPO DE ACTIVIDAD

  • Field of activity: Sociología
  • Fuente del término: bgtq

373 ## - GRUPO ASOCIADO

  • Associated group: Universidad Nacional Autónoma de México
  • Associated group: Universidad Autónoma del Estado de México. Centro Universitario Zumpango
  • Fuente del término: naf

374 ## - OCUPACIÓN

  • Occupation: Sociólogos
  • Fuente del término: bgtq

377 ## - LENGUA ASOCIADA

  • Language code: spa

400 1# - VEÁSE - NOMBRE DE PERSONA

  • Personal name: Ramos, Gonzalo Alejandre

400 1# - VEÁSE - NOMBRE DE PERSONA

  • Personal name: Alejandre, Gonzalo
  • Fuller form of name: (Alejandre Ramos)

670 ## - FUENTE EN LA QUE SE LOCALIZARON DATOS

  • Cita de la fuente: Sociología de las ocupaciones profesionales, 2009:
  • Información localizada: portada (Gonzalo Alejandre Ramos)

670 ## - FUENTE EN LA QUE SE LOCALIZARON DATOS

  • Cita de la fuente: Estado, violencias y ciudadanía en México, febrero, 2019:
  • Información localizada: portada (Gonzalo Alejandre Ramos) página 14, etc. (Gonzalo Alejandre; doctorate in sociology from UNAM; prof.-researcher, CU UAEM Zumpango)

670 ## - FUENTE EN LA QUE SE LOCALIZARON DATOS

  • Cita de la fuente: Ciudadanía Fragmentada, 2014 :
  • Información localizada: portada (Gonzalo Alejandre Ramos)

902 ## - CATALOGADOR

  • Catalogador: VíctorGodínez/050824